TRACTEURS ET MACHINES AGRICOLES (Record no. 22210)
[ view plain ]
| 000 -LEADER | |
|---|---|
| fixed length control field | 00237nam a22001097a 4500 |
| 020 ## - INTERNATIONAL STANDARD BOOK NUMBER | |
| ISBN | 2853620204 |
| 040 ## - CATALOGING SOURCE | |
| Transcribing agency | DLC |
| 082 ## - DEWEY DECIMAL CLASSIFICATION NUMBER | |
| Classification number | 631 TEA 1982 C143 Or. |
| 100 ## - MAIN ENTRY--AUTHOR NAME | |
| Personal name | TEACTEURS |
| 245 ## - TITLE STATEMENT | |
| Title | TRACTEURS ET MACHINES AGRICOLES |
| 942 ## - ADDED ENTRY ELEMENTS (KOHA) | |
| Koha item type | ADB |
| 952 ## - LOCATION AND ITEM INFORMATION (KOHA) | |
| Withdrawn status [LOCAL, KOHA] | 0 |
| Permanent Location | Date acquired | Koha item type | Lost status | Shelving location | Barcode | Current Location | Full call number |
|---|---|---|---|---|---|---|---|
| Library Block C | 2023-11-17 | ADB | C143 | a21600 | Library Block C | 631 TEA 1982 C143 Or. |